[Event "Tournoi Skype 016B"]
[Site "Skype"]
[Date "????.??.??"]
[Round "2.11"]
[White "Dubois, Real"]
[Black "Lemoine, Gerard"]
[Result "1-0"]
[WhiteElo "1376"]
[BlackElo "1178"]
[PlyCount "149"]

1. d4 d5 2. e3 e6 3. Nf3 Nf6 4. Bd3 c6 5. O-O Nbd7 6. c3 Bd6 7. Qc2 Ne4 8. Bxe4
dxe4 9. Qxe4 Nf6 10. Qd3 Qc7 11. h3 a5 12. b3 b6 13. Nbd2 Ba6 14. c4 Nd5 15.
Qb1 e5 16. cxd5 Bxf1 17. Kxf1 cxd5 18. dxe5 Bc5 19. Bb2 Bb4 20. Qc1 Qxc1+ 21.
Rxc1 O-O 22. Rc2 Rac8 23. Nd4 Rxc2 24. Nxc2 Bxd2 25. Ke2 Bb4 26. Kd3 Be7 27.
Nd4 g6 28. f4 Bc5 29. Ne2 Rd8 30. Bd4 Rc8 31. Nc3 Bxd4 32. exd4 Rd8 33. Nb5 Kg7
34. Kd2 f5 35. a3 Kf7 36. a4 Rd7 37. g3 h6 38. Nc3 Ke6 39. Nd1 g5 40. Ne3 gxf4
41. gxf4 Rg7 42. Ke2 Rg3 43. h4 Rh3 44. Ng2 Rxb3 45. Ne3 h5 46. Kd2 b5 47. axb5
Rxb5 48. Kc3 a4 49. Nc2 Rb3+ 50. Kd2 Rb1 51. Kc3 Rb6 52. Nb4 Rb5 53. Na6 Rb3+
54. Kc2 Rb7 55. Nc5+ Ke7 56. Nxb7 Kd7 57. Kc3 Kc7 58. Nc5 a3 59. Kb3 a2 60.
Kxa2 Kd8 61. Kb3 Ke7 62. Kb4 Kd8 63. Ne6+ Kd7 64. Ng5 Ke7 65. Kc5 Kd7 66. Kxd5
Ke7 67. e6 Kf6 68. Nh7+ Kg7 69. e7 Kf7 70. Kd6 Ke8 71. Nf6+ Kf7 72. Nxh5 Ke8
73. Nf6+ Kf7 74. Kd7 Kxf6 75. e8=Q 1-0

[Event "Tournoi Skype 016B"]
[Site "Skype"]
[Date "????.??.??"]
[Round "2.13"]
[White "Gerbaux, Regis"]
[Black "Alverson, Ginny"]
[Result "1-0"]
[WhiteElo "1363"]
[BlackElo "1170"]
[PlyCount "63"]

1. e4 Nf6 2. e5 Nd5 3. Bc4 c6 4. Nf3 e6 5. d4 Bb4+ 6. Bd2 Bxd2+ 7. Qxd2 O-O 8.
O-O d6 9. Nc3 dxe5 10. Nxe5 Qf6 11. Ne4 Qh6 12. Qxh6 gxh6 13. Bxd5 cxd5 14.
Nf6+ Kg7 15. Nh5+ Kh8 16. Rae1 f6 17. Ng4 e5 18. Nxh6 e4 19. Re3 f5 20. f4 exf3
21. Rexf3 Nc6 22. Nxf5 Rxf5 23. Rxf5 Bxf5 24. Rxf5 Nxd4 25. Rxd5 Ne2+ 26. Kh1
Re8 27. h3 Rc8 28. Rd7 h6 29. Nf6 Ng3+ 30. Kh2 Nf1+ 31. Kg1 Rf8 32. Rh7# 1-0

[Event "Tournoi Skype 016B"]
[Site "Skype"]
[Date "????.??.??"]
[Round "2.14"]
[White "Vincent, Andre"]
[Black "Melin, Christiane"]
[Result "1/2-1/2"]
[WhiteElo "1404"]
[BlackElo "1144"]
[PlyCount "72"]

1. Nf3 Nc6 2. g3 Nf6 3. d4 d5 4. c4 dxc4 5. e3 Be6 6. Bg2 g6 7. Nc3 Bg7 8. O-O
O-O 9. Ne5 Nd5 10. Nxc6 bxc6 11. Nxd5 cxd5 12. e4 dxe4 13. Bxe4 Rb8 14. d5 Bh3
15. Re1 f5 16. Bf3 Bxb2 17. Bxb2 Rxb2 18. Re2 Rxe2 19. Qxe2 Qd6 20. Qxc4 f4 21.
g4 Kf7 22. Re1 Rb8 23. Qc3 Qd7 24. Qc6 Bxg4 25. Qxd7 Bxd7 26. Kg2 Rb2 27. Re4
g5 28. Bh5+ Kf6 29. a3 Rb3 30. f3 Rxa3 31. h3 Ra2+ 32. Kh1 Ra1+ 33. Kg2 Ra2+
34. Kh1 Ra1+ 35. Kg2 Ra2+ 36. Kh1 Ra1+ 1/2-1/2

[Event "Tournoi Skype 016B"]
[Site "Skype"]
[Date "????.??.??"]
[Round "2.15"]
[White "Baker, Abi"]
[Black "Paquay, Renaud"]
[Result "1-0"]
[WhiteElo "1170"]
[BlackElo "1241"]
[PlyCount "29"]

1. c4 e5 2. Nc3 c6 3. e4 Bc5 4. Qe2 Nf6 5. d3 d6 6. Bd2 Qb6 7. Na4 Qd8 8. f4
Ng4 9. f5 Qh4+ 10. g3 Bf2+ 11. Kd1 Qh5 12. h3 Bxg1 13. Rxg1 Nf2+ 14. Kc2 Nxd3
15. Qxh5 1-0

[Event "Tournoi Skype 016B"]
[Site "Skype"]
[Date "????.??.??"]
[Round "2.16"]
[White "Rajpurohit, Dinesh"]
[Black "Richmond, Aaron"]
[Result "1-0"]
[WhiteElo "1544"]
[BlackElo "1399"]
[PlyCount "39"]

1. c4 Nc6 2. Nc3 Nf6 3. d4 e6 4. d5 exd5 5. cxd5 Ne5 6. Bf4 Bd6 7. Bxe5 Bxe5 8.
Nf3 Bd6 9. e3 O-O 10. Bc4 b6 11. O-O Qe7 12. Re1 Re8 13. e4 Bb7 14. e5 Bc5 15.
exf6 gxf6 16. Rxe7 Rxe7 17. Nh4 b5 18. Nf5 bxc4 19. Qg4+ Kh8 20. Qg7# 1-0

[Event "Tournoi Skype 016B"]
[Site "Skype"]
[Date "????.??.??"]
[Round "2.17"]
[White "Vervoort, Jean-Louis"]
[Black "Yildirim, Cagri"]
[Result "0-1"]
[WhiteElo "1293"]
[BlackElo "1527"]
[PlyCount "68"]

1. d4 d5 2. Nc3 Nf6 3. f3 c5 4. Be3 Nc6 5. dxc5 d4 6. Bg5 dxc3 7. Qxd8+ Nxd8 8.
bxc3 h6 9. Bxf6 exf6 10. e4 Bxc5 11. Bc4 Be6 12. Bb5+ Ke7 13. c4 a6 14. Ba4
Bxc4 15. Bb3 Bxb3 16. axb3 Ne6 17. Ne2 Nd4 18. Nxd4 Bxd4 19. O-O-O Rhd8 20. Rd3
Be5 21. Rhd1 Rxd3 22. Rxd3 Bxh2 23. Kd2 Rd8 24. Rxd8 Kxd8 25. Ke2 Ke7 26. Kf2
Bf4 27. g3 Bxg3+ 28. Kxg3 a5 29. Kf2 Kd6 30. Ke3 Kc5 31. f4 b5 32. Kd3 h5 33.
Ke2 Kd4 34. Kf3 Kc3 0-1

[Event "Tournoi Skype 016B"]
[Site "Skype"]
[Date "????.??.??"]
[Round "2.18"]
[White "Cossalter, Maurizio"]
[Black "Farfallini, Michel"]
[Result "1-0"]
[WhiteElo "1503"]
[BlackElo "1278"]
[PlyCount "21"]

1. e4 e5 2. Nf3 Nc6 3. Bb5 a6 4. Bxc6 dxc6 5. O-O Bg4 6. d3 Qd6 7. Nbd2 O-O-O
8. b3 g6 9. Nc4 Qd7 10. Ncxe5 Qe8 11. Nxg4 1-0

[Event "Tournoi Skype 016B"]
[Site "Skype"]
[Date "????.??.??"]
[Round "2.20"]
[White "Bustos, Ricardo"]
[Black "Perrone, Gabriel Lorenzo"]
[Result "1/2-1/2"]
[WhiteElo "1197"]
[BlackElo "1404"]
[PlyCount "73"]

1. d4 Nf6 2. Nf3 d5 3. c4 c6 4. a4 Bg4 5. Nbd2 e6 6. Ne5 Bb4 7. Nxg4 Nxg4 8. h3
Nf6 9. e3 O-O 10. Be2 a6 11. O-O Nbd7 12. Qb3 Bxd2 13. Bxd2 Ne4 14. Bb4 Re8 15.
Bd3 c5 16. dxc5 Nexc5 17. Qd1 Nxd3 18. Qxd3 Ne5 19. Qd4 Nc6 20. Qc3 Qb6 21. Ba3
Rac8 22. c5 Qa5 23. Qxa5 Nxa5 24. b4 Nc4 25. Rfe1 b6 26. cxb6 Nxb6 27. Bb2 Rc4
28. a5 Rxb4 29. Ba3 Rb3 30. axb6 Rxb6 31. Bc1 Reb8 32. Bd2 Rb2 33. Bc3 R2b3 34.
Be5 R8b6 35. Bd4 Rc6 36. Kh2 f6 37. Rec1 1/2-1/2

[Event "Tournoi Skype 016B"]
[Site "Skype"]
[Date "????.??.??"]
[Round "2.21"]
[White "Abacioglu, Ergun"]
[Black "Blaevoet, Rebecca"]
[Result "1-0"]
[WhiteElo "1399"]
[BlackElo "1273"]
[PlyCount "121"]

1. e4 e5 2. Nf3 d6 3. Nc3 Nf6 4. Bc4 Be7 5. d3 O-O 6. O-O b6 7. a3 a5 8. Bd2
Bg4 9. h3 Bxf3 10. Qxf3 Nbd7 11. Nd5 h5 12. Nxf6+ Bxf6 13. Qxh5 Qe7 14. b4 Rab8
15. bxa5 bxa5 16. Bxa5 c5 17. f4 Rb2 18. Bb3 Nb8 19. Bc3 g6 20. Qf3 Rxb3 21.
cxb3 Rd8 22. Rfc1 Nd7 23. a4 g5 24. f5 Rb8 25. Rcb1 Nf8 26. a5 Qa7 27. Qe3 Nd7
28. b4 Bd8 29. a6 Rc8 30. b5 Bb6 31. Qxg5+ Kf8 32. Qh6+ Ke7 33. Rf1 c4+ 34. Kh2
Be3 35. f6+ Ke6 36. Qh7 Bf4+ 37. g3 Nxf6 38. Qf5+ Ke7 39. Qxc8 Qd7 40. Qxd7+
Nxd7 41. gxf4 exf4 42. a7 Nb6 43. dxc4 Ke6 44. a8=Q Nxa8 45. Rxa8 f6 46. b6 f5
47. exf5+ Kxf5 48. b7 Ke4 49. Bd2 f3 50. b8=Q Kd3 51. Qb2 Kxc4 52. Qc3+ Kd5 53.
Ra5+ Ke4 54. Ra4+ Kd5 55. Qd4+ Ke6 56. Re1+ Kf5 57. Ra5+ d5 58. Qe5+ Kg6 59.
Ra6+ Kf7 60. Qe7+ Kg8 61. Ra8# 1-0

[Event "Tournoi Skype 016B"]
[Site "Skype"]
[Date "????.??.??"]
[Round "2.22"]
[White "Douichi, Mohammed"]
[Black "Bouffard, Georges"]
[Result "1-0"]
[WhiteElo "1176"]
[BlackElo "1399"]
[PlyCount "117"]

1. d4 d5 2. Nf3 Nc6 3. Nbd2 h6 4. c3 Bf5 5. e3 Nf6 6. Be2 e6 7. O-O Bd6 8. Qb3
b6 9. Nh4 Bh7 10. Nhf3 Ng4 11. h3 Nf6 12. Nh4 Nd7 13. Nhf3 Qe7 14. Bb5 Na5 15.
Qa4 c6 16. Ba6 O-O 17. b4 Nc4 18. Bxc4 dxc4 19. Qxc6 Rac8 20. Qa4 Rc7 21. a3
Ra8 22. Qb5 a6 23. Qa4 b5 24. Qd1 Nf6 25. Re1 Ne4 26. Nxe4 Bxe4 27. a4 Bc6 28.
axb5 Bxb5 29. e4 e5 30. d5 Qf6 31. Be3 Rb7 32. Qc2 Qg6 33. Nh4 Qf6 34. Nf5 Bd7
35. Nxd6 Qxd6 36. Bc5 Qg6 37. d6 Bxh3 38. g3 Bd7 39. Qe2 f6 40. Qxc4+ Kh7 41.
Qd3 Bb5 42. c4 Bc6 43. b5 Be8 44. d7 Rxd7 45. Bd6 a5 46. b6 Qf7 47. c5 Rdd8 48.
c6 Bxc6 49. Rac1 Qb7 50. Rxc6 Qxc6 51. Qb3 Rxd6 52. b7 Rb8 53. Ra1 Rxb7 54. Qe3
a4 55. Kh2 g5 56. Qf3 Rg7 57. Qf5+ Rg6 58. Rh1 Qxe4 59. Qxe4 1-0

[Event "Tournoi Skype 016B"]
[Site "Skype"]
[Date "????.??.??"]
[Round "2.23"]
[White "Ceciliano, Isaac"]
[Black "Kruk, Clementine"]
[Result "1-0"]
[WhiteElo "1399"]
[BlackElo "1107"]
[PlyCount "27"]

1. e4 e5 2. Nf3 Nc6 3. Bc4 Bc5 4. c3 Nf6 5. d4 Bb6 6. O-O d6 7. dxe5 Nxe4 8.
Qd5 Ng5 9. Bxg5 Qd7 10. exd6 cxd6 11. Re1+ Kf8 12. Nh4 h6 13. Re7 hxg5 14.
Qxf7# 1-0

[Event "Tournoi Skype 016B"]
[Site "Skype"]
[Date "????.??.??"]
[Round "2.24"]
[White "Morin, Claude"]
[Black "Talbot, Jean"]
[Result "1-0"]
[WhiteElo "1399"]
[BlackElo "1041"]
[PlyCount "59"]

1. e4 e5 2. Nf3 Nc6 3. c3 Nf6 4. d3 Bc5 5. b4 Bb6 6. Be2 O-O 7. O-O d5 8. Nbd2
dxe4 9. dxe4 Re8 10. Qb3 Be6 11. Qc2 h6 12. Re1 a6 13. h3 g5 14. Nh2 Kg7 15.
Ng4 Nxg4 16. hxg4 Kg6 17. Nf3 Qf6 18. Bd2 Bxg4 19. Qb3 Be6 20. Bc4 Rad8 21. Be3
Bxc4 22. Qxc4 Bxe3 23. Rxe3 Qe6 24. Qe2 h5 25. Nxg5 Kxg5 26. Rg3+ Kh4 27. Kh2
Rg8 28. Qf3 Rg6 29. Rh1 Rdg8 30. Kg1+ 1-0

[Event "Tournoi Skype 016B"]
[Site "Skype"]
[Date "????.??.??"]
[Round "2.25"]
[White "Sahrane, Juba"]
[Black "Moumtaz, Abderrahim"]
[Result "1-0"]
[WhiteElo "1399"]
[BlackElo "1018"]
[PlyCount "85"]

1. d4 d5 2. Nc3 Nf6 3. Nf3 Nc6 4. e3 a6 5. g3 e6 6. Bg2 Bd6 7. O-O O-O 8. b3 b5
9. a3 Re8 10. Re1 e5 11. Bb2 Bg4 12. h3 Bf5 13. Nh4 Bd7 14. Nxd5 Nxd5 15. Bxd5
Qg5 16. Nf3 Qd8 17. b4 Re7 18. Bxc6 Bxc6 19. dxe5 Bxf3 20. Qxf3 Bxe5 21. Rad1
Qe8 22. Bxe5 Rxe5 23. Rd7 Qxd7 24. Qxa8+ Re8 25. Qxa6 c6 26. a4 Qxh3 27. Qxc6
Rc8 28. Qxb5 Ra8 29. Qb7 Qc8 30. Qxc8+ Rxc8 31. a5 Rxc2 32. a6 Rc7 33. b5 Ra7
34. Rb1 f5 35. b6 Rxa6 36. b7 Kf7 37. b8=Q Rf6 38. Rb7+ Kg6 39. Qe8+ Kg5 40.
Rxg7+ Kh6 41. Qh8 Kh5 42. Qxh7+ Rh6 43. Qxf5# 1-0

[Event "Tournoi Skype 016B"]
[Site "Skype"]
[Date "????.??.??"]
[Round "2.26"]
[White "Farthouat, Catherine"]
[Black "Torres, Vicky"]
[Result "0-1"]
[WhiteElo "1071"]
[BlackElo "1399"]
[PlyCount "82"]

1. e4 c5 2. Nc3 Nc6 3. Bb5 e6 4. Nf3 a6 5. Bxc6 dxc6 6. O-O Qc7 7. d4 cxd4 8.
Nxd4 c5 9. Nf3 Nf6 10. h3 Be7 11. b3 O-O 12. Na4 Nxe4 13. Bb2 b5 14. Nc3 Nxc3
15. Bxc3 c4 16. Re1 cxb3 17. Qd4 Bf6 18. Ne5 Rd8 19. Qe4 Bb7 20. Qe3 bxc2 21.
Rac1 Bd5 22. Rxc2 h6 23. f4 b4 24. Rec1 bxc3 25. Rxc3 Qa5 26. Ra3 Qb4 27. Rb3
Bxb3 28. axb3 Bxe5 29. Qxe5 Qd4+ 30. Qxd4 Rxd4 31. Kh2 Rxf4 32. Kg3 e5 33. Rc5
f6 34. Rc7 a5 35. h4 Kh7 36. h5 Rb4 37. Kf2 Rxb3 38. g4 e4 39. Ke2 Rd8 40. Re7
Rdd3 41. Re8 Rb2+ 0-1

[Event "Tournoi Skype 016B"]
[Site "Skype"]
[Date "????.??.??"]
[Round "2.28"]
[White "Gagnon, Sindy"]
[Black "Cengiz, Cem"]
[Result "0-1"]
[WhiteElo "1000"]
[BlackElo "1306"]
[PlyCount "54"]

1. e4 e5 2. Nc3 Nf6 3. Nf3 Nc6 4. Be2 Bc5 5. O-O O-O 6. b3 d6 7. Bb2 Nd4 8. Nb5
Nxb5 9. c4 Na3 10. d3 b5 11. cxb5 Nxb5 12. Qd2 Nd4 13. Nxd4 Bxd4 14. Qc2 d5 15.
b4 dxe4 16. dxe4 Rb8 17. a3 Bb7 18. Rab1 Bxe4 19. Qxe4 Nxe4 20. Bd3 Nd2 21.
Bxd4 exd4 22. Rb2 Nxf1 23. Kxf1 Re8 24. Be2 Rb6 25. Ke1 d3 26. Kd2 dxe2+ 27.
Ke1 Qd1# 0-1

[Event "Tournoi Skype 016B"]
[Site "Skype"]
[Date "????.??.??"]
[Round "2.30"]
[White "Marty, Yvette"]
[Black "Tamditi, Ibrahim"]
[Result "0-1"]
[WhiteElo "1000"]
[BlackElo "1296"]
[PlyCount "50"]

1. e4 e5 2. Nc3 Bc5 3. Bc4 Nf6 4. Nf3 Bd4 5. Ne2 Bxf2+ 6. Kxf2 Nxe4+ 7. Ke1 d5
8. Nxe5 dxc4 9. Nxc4 Qh4+ 10. g3 Nxg3 11. Nxg3 Qxc4 12. d3 Qe6+ 13. Ne4 f5 14.
Qe2 fxe4 15. Qxe4 Qxe4+ 16. dxe4 O-O 17. Bd2 Re8 18. Kd1 Rxe4 19. Rg1 Nc6 20.
Bh6 Bg4+ 21. Kd2 gxh6 22. h3 Rd8+ 23. Kc3 Re3+ 24. Kc4 Ne5+ 25. Kb5 Rd5+ 0-1

[Event "Tournoi Skype 016B"]
[Site "Skype"]
[Date "????.??.??"]
[Round "3.1"]
[White "Briere, Jean"]
[Black "Raheja, Shiv"]
[Result "0-1"]
[WhiteElo "1460"]
[BlackElo "1373"]
[PlyCount "58"]

1. e4 e5 2. Nf3 Nc6 3. Bc4 Bc5 4. Nc3 d6 5. h3 h6 6. d3 Nge7 7. O-O Ng6 8. Be3
Qf6 9. Nd5 Qd8 10. Bxc5 dxc5 11. c3 O-O 12. Re1 Re8 13. Nh2 Nh4 14. Nf3 Ng6 15.
Qe2 Nf4 16. Nxf4 exf4 17. Bd5 Ne7 18. c4 c6 19. Bxf7+ Kxf7 20. Ne5+ Kg8 21. Qh5
Rf8 22. Rad1 Qd6 23. g3 Qf6 24. gxf4 Qxf4 25. Rf1 Kh7 26. Kg2 g6 27. Nxg6 Nxg6
28. Qxc5 Qf3+ 29. Kg1 Bxh3 0-1

[Event "Tournoi Skype 016B"]
[Site "Skype"]
[Date "????.??.??"]
[Round "3.2"]
[White "Hargez, Dany"]
[Black "Le Brun, Yves"]
[Result "1-0"]
[WhiteElo "1361"]
[BlackElo "1449"]
[PlyCount "47"]

1. e4 e5 2. Nf3 Nc6 3. d4 exd4 4. Nxd4 Qf6 5. Qd3 Ne5 6. Qg3 a6 7. Bf4 d6 8.
Be2 Bd7 9. Nd2 g6 10. Bg5 Qg7 11. f4 f6 12. Bh4 Nc6 13. Nxc6 Bxc6 14. f5 Ne7
15. Bg4 Bd7 16. O-O O-O-O 17. c4 g5 18. Qe3 Nc6 19. Bg3 h5 20. Be2 Kb8 21. a4
Re8 22. Bf2 Qe7 23. b4 Nd8 24. Qa7+ 1-0

[Event "Tournoi Skype 016B"]
[Site "Skype"]
[Date "????.??.??"]
[Round "3.3"]
[White "Talbot, Jacques"]
[Black "Gerbaux, Regis"]
[Result "1-0"]
[WhiteElo "1444"]
[BlackElo "1363"]
[PlyCount "77"]

1. e4 c5 2. Nf3 d6 3. d4 cxd4 4. Nxd4 Nf6 5. Nc3 e5 6. Nf3 Be7 7. Bc4 O-O 8.
O-O Bg4 9. h3 Bxf3 10. Qxf3 Nc6 11. Be3 Nb4 12. Bb3 Rc8 13. a3 Nc6 14. Rfd1 Rc7
15. Nb5 Rd7 16. Rd3 a6 17. Nc3 Na5 18. Ba2 Qc7 19. Rad1 Nc4 20. Bxc4 Qxc4 21.
R3d2 b5 22. Qe2 Qxe2 23. Nxe2 Nxe4 24. Rd5 Rfd8 25. Bb6 Rc8 26. c3 Nf6 27. R5d2
d5 28. Be3 Bc5 29. Bg5 Bxf2+ 30. Kxf2 Ne4+ 31. Kf1 Nxg5 32. Rxd5 Rxd5 33. Rxd5
f6 34. Ng3 Ne6 35. Ne4 Rc4 36. Nd2 Rf4+ 37. Ke2 h6 38. Rd6 Nc7 39. Rd8+ 1-0

[Event "Tournoi Skype 016B"]
[Site "Skype"]
[Date "????.??.??"]
[Round "3.4"]
[White "Picard, Mario"]
[Black "Porcabeuf, Jean-Marc"]
[Result "1-0"]
[WhiteElo "1254"]
[BlackElo "1438"]
[PlyCount "97"]

1. d4 d5 2. c4 c6 3. Nf3 g6 4. Nc3 Bg7 5. e3 Nf6 6. cxd5 Nxd5 7. Nxd5 Qxd5 8.
Be2 O-O 9. O-O Bf5 10. h3 Qd8 11. Bd2 Nd7 12. Rc1 Qc7 13. b3 Rae8 14. Bc3 e5
15. d5 e4 16. Nd4 Bxh3 17. gxh3 Ne5 18. dxc6 bxc6 19. Bb4 Re7 20. Bxe7 Qxe7 21.
Nxc6 Qg5+ 22. Kh1 Nxc6 23. Rxc6 Be5 24. Qc1 Qh4 25. Bg4 Qg5 26. f4 exf3 27.
Rxf3 h5 28. Rc5 hxg4 29. Rxe5 Qxe5 30. hxg4 Kg7 31. Kg2 Rh8 32. Rh3 Qe4+ 33.
Kg3 Re8 34. Qb2+ Re5 35. Qf2 Rg5 36. Qf4 Qe7 37. Qd4+ f6 38. Rh4 Qc7+ 39. Qf4
Qc3 40. Kf3 Qe1 41. Qc7+ Kg8 42. Qh7+ Kf8 43. Qh8+ Ke7 44. Rh7+ Kd6 45. Qf8+
Kd5 46. Qd8+ Kc5 47. Rc7+ Kb6 48. Qb8+ Ka6 49. Rxa7# 1-0

[Event "Tournoi Skype 016B"]
[Site "Skype"]
[Date "????.??.??"]
[Round "3.5"]
[White "Sauvaget, Joel"]
[Black "Sepulveda, Lyda Marcela"]
[Result "1-0"]
[WhiteElo "1377"]
[BlackElo "1246"]
[PlyCount "83"]

1. d4 d5 2. Nf3 Nf6 3. Bf4 e6 4. h3 Nc6 5. e3 Be7 6. Bd3 O-O 7. c3 Re8 8. O-O
Bd6 9. Bxd6 Qxd6 10. Re1 e5 11. dxe5 Nxe5 12. Nxe5 Rxe5 13. Nd2 b6 14. Nf3 Re7
15. Qc2 h6 16. Rad1 Qc6 17. Nd4 Qe8 18. Qe2 Ne4 19. Qf3 c5 20. Ne2 Bd7 21. Nf4
Bc6 22. Bc2 Rd8 23. Ne2 Ba4 24. b3 Bb5 25. Bxe4 Rxe4 26. Nf4 d4 27. c4 Bc6 28.
Qg3 dxe3 29. Rxd8 exf2+ 30. Qxf2 Rxe1+ 31. Qxe1 Qxd8 32. Nh5 Qg5 33. g4 f6 34.
Qe6+ Kh7 35. Qxc6 Qe3+ 36. Kh2 Qf2+ 37. Qg2 Qd4 38. Ng3 Kg6 39. Nf5 Qe5+ 40.
Kg1 h5 41. Nh4+ Kg5 42. Nf3+ 1-0

[Event "Tournoi Skype 016B"]
[Site "Skype"]
[Date "????.??.??"]
[Round "3.6"]
[White "Lequeux, Pierre"]
[Black "Dubois, Real"]
[Result "0-1"]
[WhiteElo "1226"]
[BlackElo "1376"]
[PlyCount "126"]

1. d4 d5 2. Nf3 Nf6 3. e3 e6 4. c4 c6 5. c5 Be7 6. Nc3 O-O 7. Bd3 b6 8. b4 bxc5
9. bxc5 a5 10. e4 dxe4 11. Nxe4 Nd5 12. Qd2 Nb4 13. Bb1 Nd7 14. Ba3 Nd5 15. Nc3
N7f6 16. Nxd5 exd5 17. Ne5 Bb7 18. O-O Re8 19. Qd1 Nd7 20. Re1 Nxe5 21. Rxe5
Bf6 22. Qd3 g6 23. Rxe8+ Qxe8 24. Qd1 Ba6 25. Bd3 Bb7 26. Rb1 Qe7 27. Bb2 Re8
28. Kf1 Qc7 29. g3 Bc8 30. Kg2 Qd7 31. Bf1 Qc7 32. Qf3 Qe7 33. Qd1 Qe6 34. Qd2
Qh3+ 35. Kh1 Qg4 36. Re1 Rxe1 37. Qxe1 Qd7 38. Qe3 a4 39. a3 Kg7 40. f4 Qf5 41.
Bd3 Qg4 42. Be2 Qh3 43. Qf2 Bf5 44. Bf1 Be4+ 45. Kg1 Qf5 46. Bg2 Bxg2 47. Qxg2
Qb1+ 48. Qf1 Qxb2 49. Qa6 Qxd4+ 50. Kg2 Qxc5 51. Qxa4 Be7 52. Qa6 Qxa3 53. Qxc6
d4 54. Qe6 Qe3 55. Qxe3 dxe3 56. Kf3 Bc5 57. Ke2 Kf6 58. h3 h5 59. g4 hxg4 60.
hxg4 g5 61. fxg5+ Kxg5 62. Kd3 Kxg4 63. Kc4 e2 0-1

[Event "Tournoi Skype 016B"]
[Site "Skype"]
[Date "????.??.??"]
[Round "3.7"]
[White "Hague, Mark"]
[Black "Baker, Abi"]
[Result "1-0"]
[WhiteElo "1419"]
[BlackElo "1170"]
[PlyCount "57"]

1. d4 d5 2. c4 e6 3. Nc3 c5 4. cxd5 exd5 5. Nf3 Ne7 6. e3 Nbc6 7. dxc5 b6 8.
cxb6 axb6 9. Bd2 g6 10. a3 Nf5 11. Bd3 d4 12. exd4 Nfxd4 13. Nxd4 Qxd4 14. Be3
Qe5 15. Qd2 h5 16. O-O Bd6 17. g3 h4 18. Bf4 Qc5 19. Rae1+ Be6 20. Qe3 Nd4 21.
Ne4 Nf3+ 22. Qxf3 Qf5 23. Nxd6+ Kd7 24. Nxf5 gxf5 25. Bb5+ Ke7 26. Bg5+ f6 27.
Qb7+ Kd6 28. Rd1+ Kc5 29. Qc6# 1-0

[Event "Tournoi Skype 016B"]
[Site "Skype"]
[Date "????.??.??"]
[Round "3.8"]
[White "Melin, Christiane"]
[Black "Martin, Jean-Claude"]
[Result "0-1"]
[WhiteElo "1144"]
[BlackElo "1307"]
[PlyCount "66"]

1. e4 e5 2. d3 Nc6 3. Nf3 Nf6 4. Nc3 Bb4 5. Qd2 d5 6. exd5 Nxd5 7. Be2 h6 8.
O-O O-O 9. a3 Bc5 10. Qd1 Nxc3 11. bxc3 Re8 12. d4 exd4 13. cxd4 Nxd4 14. Nxd4
Bxd4 15. Be3 Bxa1 16. Qxa1 Bf5 17. Qd1 Qxd1 18. Bxd1 b6 19. Bd4 c5 20. Bc3 Rad8
21. Re1 Rxe1+ 22. Bxe1 Rxd1 23. h3 Rxe1+ 24. Kh2 Bxc2 25. g4 c4 26. f4 c3 27.
g5 h5 28. f5 Bxf5 29. h4 c2 30. Kg2 c1=Q 31. Kf3 Qe3+ 32. Kg2 Rg1+ 33. Kh2 Qf2#
0-1

[Event "Tournoi Skype 016B"]
[Site "Skype"]
[Date "????.??.??"]
[Round "3.11"]
[White "Ruiz Gomez, Luz Alba"]
[Black "Cossalter, Maurizio"]
[Result "1-0"]
[WhiteElo "1339"]
[BlackElo "1503"]
[PlyCount "55"]

1. d4 Nf6 2. c4 c5 3. Nf3 b5 4. cxb5 a6 5. Nc3 g6 6. Bg5 Bg7 7. e3 O-O 8. Bd3
d6 9. O-O Nbd7 10. Qb3 Bb7 11. bxa6 Bxf3 12. gxf3 cxd4 13. exd4 Nh5 14. Be3 Qb8
15. Qxb8 Rfxb8 16. Bb5 Ra7 17. a4 Rc8 18. Nd5 Nb8 19. Rfc1 Rxc1+ 20. Rxc1 Nxa6
21. Nxe7+ Rxe7 22. Rc8+ Bf8 23. Bh6 Ng7 24. Bxa6 d5 25. Bb5 Re1+ 26. Kg2 Rd1
27. a5 Rxd4 28. a6 1-0

[Event "Tournoi Skype 016B"]
[Site "Skype"]
[Date "????.??.??"]
[Round "3.12"]
[White "Karia, Kirti"]
[Black "Ramirez Reina, Orlando"]
[Result "0-1"]
[WhiteElo "1332"]
[BlackElo "1493"]
[PlyCount "50"]

1. e4 c5 2. Nc3 a6 3. Bc4 e6 4. Nf3 Nc6 5. d4 cxd4 6. Nxd4 Bb4 7. O-O Bxc3 8.
bxc3 Nf6 9. Re1 O-O 10. Bg5 d6 11. Nxc6 bxc6 12. f4 Qb6+ 13. Kh1 d5 14. exd5
cxd5 15. Bb3 Ne4 16. Bxd5 Nf2+ 17. Kg1 Nxd1+ 18. Kf1 Nxc3 19. Bxa8 Bb7 20. Bxb7
Qxb7 21. Re3 Rc8 22. Rd3 Qc7 23. g4 f6 24. Bh4 Qxf4+ 25. Ke1 Qxg4 0-1

[Event "Tournoi Skype 016B"]
[Site "Skype"]
[Date "????.??.??"]
[Round "3.13"]
[White "Hernandez, George"]
[Black "Gieschen, Mike"]
[Result "0-1"]
[WhiteElo "1484"]
[BlackElo "1338"]
[PlyCount "52"]

1. e4 c5 2. d4 cxd4 3. c3 e5 4. cxd4 d5 5. Nc3 dxe4 6. Bc4 exd4 7. Nxe4 Nf6 8.
Ng5 Bb4+ 9. Bd2 Bxd2+ 10. Qxd2 O-O 11. Ne2 Nc6 12. O-O Bf5 13. Rfe1 Ne4 14.
Nxe4 Bxe4 15. Nf4 Bf5 16. Bd5 Qd6 17. Bxc6 bxc6 18. Rac1 Rfe8 19. Rxe8+ Rxe8
20. a4 c5 21. h3 Re4 22. Ne2 Qe5 23. Re1 Bg6 24. f4 Qe6 25. Kh2 f5 26. g3 Bh5
0-1

[Event "Tournoi Skype 016B"]
[Site "Skype"]
[Date "????.??.??"]
[Round "3.14"]
[White "Cengiz, Cem"]
[Black "Vincent, Andre"]
[Result "1-0"]
[WhiteElo "1306"]
[BlackElo "1404"]
[PlyCount "69"]

1. e4 e5 2. Nf3 Nc6 3. d4 exd4 4. Nxd4 Bc5 5. Nxc6 bxc6 6. Nc3 d6 7. Bf4 Nf6 8.
Qd2 Ng4 9. Bg3 O-O 10. h3 Ne5 11. f4 Ng6 12. O-O-O Rb8 13. f5 Ne7 14. Be5 f6
15. Bc4+ d5 16. exd5 fxe5 17. dxc6+ Nd5 18. Qxd5+ Qxd5 19. Rxd5 Be3+ 20. Kb1
Kh8 21. g4 Bd4 22. Rb5 Rb6 23. Nd5 Rxc6 24. Bb3 Ba6 25. Rb4 Rd8 26. Ba4 Rc5 27.
Nc3 Bxc3 28. bxc3 Rxc3 29. Re1 Rxh3 30. Rxe5 Rh1+ 31. Kb2 h6 32. Re8+ Rxe8 33.
Bxe8 Re1 34. Rb8 Kh7 35. Bg6# 1-0

[Event "Tournoi Skype 016B"]
[Site "Skype"]
[Date "????.??.??"]
[Round "3.15"]
[White "Tamditi, Ibrahim"]
[Black "Abacioglu, Ergun"]
[Result "1-0"]
[WhiteElo "1296"]
[BlackElo "1399"]
[PlyCount "21"]

1. e4 e5 2. Nf3 Nc6 3. Bc4 Nf6 4. Ng5 d5 5. exd5 Nxd5 6. d4 exd4 7. Nxf7 Kxf7
8. Qh5+ g6 9. Bxd5+ Kf6 10. Bg5+ Kg7 11. Qh6# 1-0

6 13. Qc2 Qa5+ 14. Nd2 Bd7
15. Bb3 Nf6 16. Nd5 Nxd5 17. Bxd5 Rc8 18. Qb3 f6 19. Bf7+ Kd8 20. O-O Qxd2 21.
Qa3 Ke7 22. Bh5 Qg5 23. Rad1 Qc5 24. b4 Qxh5 25. Rd5 Qg6 26. Qxa7 Rc6 27. Rxb5
Ke6 28. Qd4 Ke7 29. Rb7 Qf7 30. Qa7 Qe6 31. f4 Ke8 32. f5 Qf7 33. b5 Rc2 34.
Rb8+ Rc8 35. Rb6 Qe7 36. Qb7 Qd8 37. Ra6 Be7 38. Qd5 Rc5 39. Qb3 Bxb5 40. Ra7
Bxf1 41. Qa4+ Bb5 42. Qa3 Rc1+ 43. Kf2 Qb6+ 44. Kf3 Rf1+ 45. Kg3 d5 46. Qxe7#
1-0

[Event "Tournoi Skype 016B"]
[Site "Skype"]
[Date "????.??.??"]
[Round "3.17"]
[White "De Nobrega, George"]
[Black "Lecluyse, Koenraad"]
[Result "1-0"]
[WhiteElo "1399"]
[BlackElo "1299"]
[PlyCount "25"]

1. e4 e5 2. Nf3 Nc6 3. Bb5 a6 4. Bxc6 dxc6 5. Nxe5 Qd5 6. exd5 cxd5 7. Qf3 Bd6
8. Qxf7+ Kd8 9. Qxg7 Bxe5 10. Qxe5 Nh6 11. Qxh8+ Kd7 12. Qxh7+ Ke8 13. Qxh6 1-0

[Event "Tournoi Skype 016B"]
[Site "Skype"]
[Date "????.??.??"]
[Round "3.19"]
[White "Alverson, Ginny"]
[Black "Sahrane, Juba"]
[Result "0-1"]
[WhiteElo "1170"]
[BlackElo "1399"]
[PlyCount "54"]

1. Nf3 d6 2. d4 Nf6 3. c4 b6 4. Nc3 e6 5. e3 Nc6 6. Bd3 g6 7. O-O Bg7 8. Bd2
O-O 9. d5 exd5 10. Nxd5 Nxd5 11. cxd5 Ne5 12. Nxe5 Bxe5 13. Qc2 Qh4 14. g3 Qh3
15. Rfc1 c5 16. dxc6 Re8 17. f4 Bg7 18. Bc3 Rxe3 19. Bxg7 Kxg7 20. Bf1 Qe6 21.
Qf2 a5 22. Rc3 Rxc3 23. bxc3 Qf6 24. Qxb6 Qxc3 25. Rd1 Qf6 26. Qc7 Ba6 27. Rxd6
Qa1 0-1